<?xml version="1.0" encoding="UTF-8"?>
<record
    xmlns:xsi="http://www.w3.org/2001/XMLSchema-instance"
    xsi:schemaLocation="http://www.loc.gov/MARC21/slim http://www.loc.gov/standards/marcxml/schema/MARC21slim.xsd"
    xmlns="http://www.loc.gov/MARC21/slim">

  <leader>01604nam a2200313Ia 4500</leader>
  <datafield tag="952" ind1=" " ind2=" ">
    <subfield code="0">0</subfield>
    <subfield code="1">0</subfield>
    <subfield code="4">0</subfield>
    <subfield code="7">0</subfield>
    <subfield code="a">13</subfield>
    <subfield code="b">13</subfield>
    <subfield code="d">2010-05-20</subfield>
    <subfield code="l">1</subfield>
    <subfield code="o">KZ3410 O78 2004</subfield>
    <subfield code="p">13 001195</subfield>
    <subfield code="r">2014-08-27</subfield>
    <subfield code="s">2014-08-27</subfield>
    <subfield code="t">1</subfield>
    <subfield code="w">2012-09-05</subfield>
    <subfield code="y">LB</subfield>
  </datafield>
  <datafield tag="952" ind1=" " ind2=" ">
    <subfield code="0">0</subfield>
    <subfield code="1">0</subfield>
    <subfield code="4">0</subfield>
    <subfield code="7">0</subfield>
    <subfield code="a">13</subfield>
    <subfield code="b">13</subfield>
    <subfield code="d">2010-08-05</subfield>
    <subfield code="l">0</subfield>
    <subfield code="o">KZ3410 O78 2004</subfield>
    <subfield code="p">13 001348</subfield>
    <subfield code="r">2012-09-05</subfield>
    <subfield code="t">4</subfield>
    <subfield code="w">2012-09-05</subfield>
    <subfield code="y">LB</subfield>
  </datafield>
  <datafield tag="952" ind1=" " ind2=" ">
    <subfield code="0">0</subfield>
    <subfield code="1">0</subfield>
    <subfield code="4">0</subfield>
    <subfield code="7">0</subfield>
    <subfield code="a">13</subfield>
    <subfield code="b">13</subfield>
    <subfield code="d">2010-05-20</subfield>
    <subfield code="l">2</subfield>
    <subfield code="o">KZ3410 O78 2004</subfield>
    <subfield code="p">13 001349</subfield>
    <subfield code="r">2019-01-16</subfield>
    <subfield code="s">2019-01-15</subfield>
    <subfield code="t">3</subfield>
    <subfield code="w">2012-09-05</subfield>
    <subfield code="y">LB</subfield>
  </datafield>
  <datafield tag="952" ind1=" " ind2=" ">
    <subfield code="0">0</subfield>
    <subfield code="1">0</subfield>
    <subfield code="4">0</subfield>
    <subfield code="7">0</subfield>
    <subfield code="a">13</subfield>
    <subfield code="b">13</subfield>
    <subfield code="d">2010-05-20</subfield>
    <subfield code="l">0</subfield>
    <subfield code="o">KZ3410 O78 2004</subfield>
    <subfield code="p">13 001452</subfield>
    <subfield code="r">2012-09-05</subfield>
    <subfield code="t">2</subfield>
    <subfield code="w">2012-09-05</subfield>
    <subfield code="y">LB</subfield>
  </datafield>
  <datafield tag="952" ind1=" " ind2=" ">
    <subfield code="0">0</subfield>
    <subfield code="1">0</subfield>
    <subfield code="2">lcc</subfield>
    <subfield code="4">0</subfield>
    <subfield code="7">0</subfield>
    <subfield code="a">13</subfield>
    <subfield code="b">13</subfield>
    <subfield code="d">2015-08-17</subfield>
    <subfield code="l">1</subfield>
    <subfield code="o">KZ3410 O78 2004</subfield>
    <subfield code="p">13 003084</subfield>
    <subfield code="r">2018-10-20</subfield>
    <subfield code="s">2018-10-20</subfield>
    <subfield code="t">5</subfield>
    <subfield code="w">2023-11-02</subfield>
    <subfield code="y">LB</subfield>
  </datafield>
  <datafield tag="952" ind1=" " ind2=" ">
    <subfield code="0">0</subfield>
    <subfield code="1">0</subfield>
    <subfield code="2">lcc</subfield>
    <subfield code="4">0</subfield>
    <subfield code="7">0</subfield>
    <subfield code="a">13</subfield>
    <subfield code="b">13</subfield>
    <subfield code="d">2016-10-12</subfield>
    <subfield code="l">4</subfield>
    <subfield code="o">KZ3410 O78 2004</subfield>
    <subfield code="p">13 004383</subfield>
    <subfield code="r">2019-01-30</subfield>
    <subfield code="s">2019-01-16</subfield>
    <subfield code="t">6</subfield>
    <subfield code="w">2016-10-12</subfield>
    <subfield code="y">LB</subfield>
  </datafield>
  <datafield tag="952" ind1=" " ind2=" ">
    <subfield code="0">0</subfield>
    <subfield code="1">0</subfield>
    <subfield code="2">lcc</subfield>
    <subfield code="4">0</subfield>
    <subfield code="7">0</subfield>
    <subfield code="a">20</subfield>
    <subfield code="b">20</subfield>
    <subfield code="d">2018-01-23</subfield>
    <subfield code="l">11</subfield>
    <subfield code="m">4</subfield>
    <subfield code="o">KZ3410 O78 2014</subfield>
    <subfield code="p">20 001158</subfield>
    <subfield code="q">2025-05-23</subfield>
    <subfield code="r">2025-05-15</subfield>
    <subfield code="s">2025-05-15</subfield>
    <subfield code="t">1</subfield>
    <subfield code="w">2018-01-23</subfield>
    <subfield code="y">LB</subfield>
  </datafield>
  <datafield tag="952" ind1=" " ind2=" ">
    <subfield code="0">0</subfield>
    <subfield code="1">0</subfield>
    <subfield code="2">lcc</subfield>
    <subfield code="4">0</subfield>
    <subfield code="7">0</subfield>
    <subfield code="a">20</subfield>
    <subfield code="b">20</subfield>
    <subfield code="d">2018-01-23</subfield>
    <subfield code="l">13</subfield>
    <subfield code="m">2</subfield>
    <subfield code="o">KZ3410 O78 2014</subfield>
    <subfield code="p">20 002277</subfield>
    <subfield code="r">2025-03-27</subfield>
    <subfield code="s">2019-09-26</subfield>
    <subfield code="t">2</subfield>
    <subfield code="w">2018-01-23</subfield>
    <subfield code="y">LB</subfield>
  </datafield>
  <datafield tag="999" ind1=" " ind2=" ">
    <subfield code="c">84073</subfield>
    <subfield code="d">84073</subfield>
  </datafield>
  <controlfield tag="005">20231102151411.0</controlfield>
  <controlfield tag="008">150817t20042014mx ||||fr|||||||1||dspa d</controlfield>
  <datafield tag="020" ind1=" " ind2=" ">
    <subfield code="a">9706137791</subfield>
  </datafield>
  <datafield tag="050" ind1="0" ind2="4">
    <subfield code="a">KZ3410</subfield>
    <subfield code="b">O78 2014</subfield>
  </datafield>
  <datafield tag="100" ind1="1" ind2=" ">
    <subfield code="a">Ortiz Ahlf, Loretta</subfield>
    <subfield code="e">autor</subfield>
  </datafield>
  <datafield tag="245" ind1="1" ind2="0">
    <subfield code="a">Derecho internacional p&#xFA;blico</subfield>
    <subfield code="c"> / Loretta Ortiz Ahlf</subfield>
  </datafield>
  <datafield tag="250" ind1=" " ind2=" ">
    <subfield code="a">3a edici&#xF3;n</subfield>
  </datafield>
  <datafield tag="260" ind1="3" ind2=" ">
    <subfield code="a">M&#xE9;xico</subfield>
    <subfield code="b"> : Oxford</subfield>
    <subfield code="c"> , 2004</subfield>
  </datafield>
  <datafield tag="300" ind1=" " ind2=" ">
    <subfield code="a">xvii, 684 p&#xE1;ginas</subfield>
    <subfield code="e">+ CD ROM</subfield>
  </datafield>
  <datafield tag="490" ind1=" " ind2=" ">
    <subfield code="a">Colecci&#xF3;n de textos jur&#xED;dicos Universitarios</subfield>
  </datafield>
  <datafield tag="500" ind1=" " ind2=" ">
    <subfield code="a">Reimpresi&#xF3;n: 2014</subfield>
  </datafield>
  <datafield tag="504" ind1=" " ind2=" ">
    <subfield code="a">Incluye:
Dedicatoria
&#xCD;ndice de contenido
Prefacio
Abreviaturas y siglas
&#xCD;ndice onom&#xE1;stico
&#xCD;ndice anal&#xED;tico
Bibliograf&#xED;a al final de cada cap&#xED;tulo</subfield>
  </datafield>
  <datafield tag="505" ind1=" " ind2=" ">
    <subfield code="a">Generalidades
El estado
Las organizaciones internacionales
El individuo</subfield>
  </datafield>
  <datafield tag="519" ind1=" " ind2=" ">
    <subfield code="a">Educaci&#xF3;n Mixta / </subfield>
    <subfield code="b">Derecho / </subfield>
    <subfield code="c">Derecho Internacional P&#xFA;blico (P25-2) / </subfield>
    <subfield code="d">(13 001195, 13 001452, 13 001349)</subfield>
  </datafield>
  <datafield tag="519" ind1=" " ind2=" ">
    <subfield code="a">Plan Flexible / </subfield>
    <subfield code="b">Derecho / </subfield>
    <subfield code="c">Derecho Internacional P&#xFA;blico (P25-2) / </subfield>
    <subfield code="d">(13 001348, 13 003084, 13 004383)</subfield>
  </datafield>
  <datafield tag="519" ind1=" " ind2=" ">
    <subfield code="a">Plan Flexible / </subfield>
    <subfield code="b">Derecho / </subfield>
    <subfield code="c">Derecho Internacional P&#xFA;blico (P25-2) / </subfield>
    <subfield code="d">(20 001158)</subfield>
  </datafield>
  <datafield tag="519" ind1=" " ind2=" ">
    <subfield code="a">Educaci&#xF3;n Mixta / </subfield>
    <subfield code="b">Derecho / </subfield>
    <subfield code="c">Derecho Internacional P&#xFA;blico (P25-2) / </subfield>
    <subfield code="d">(20 002277)</subfield>
  </datafield>
  <datafield tag="650" ind1=" " ind2="0">
    <subfield code="a">EL ESTADO</subfield>
    <subfield code="x">JURISDICCI&#xD3;N</subfield>
  </datafield>
  <datafield tag="650" ind1=" " ind2="0">
    <subfield code="a">ORGANIZACIONES INTERNACIONALES</subfield>
  </datafield>
  <datafield tag="650" ind1=" " ind2="0">
    <subfield code="a">DERECHOS HUMANOS</subfield>
    <subfield code="x">DERECHO INTERNACIONAL</subfield>
  </datafield>
  <datafield tag="942" ind1=" " ind2=" ">
    <subfield code="c">LB</subfield>
  </datafield>
</record>
